Real-variable methods in harmonic analysis /

Guardado en:
Autor Principal: Torchinsky, Alberto.
Formato: Libro
Idioma:English
Publicado: San Diego : Academic Press, c1986.
Series:Pure and applied mathematics (Academic Press) ; 123.
Materias:
Etiquetas: Agregar Etiqueta
Sin Etiquetas, Sea el primero en etiquetar este registro!
LEADER 00874cam a2200253 a 4500
001 MAT.inmabb003206
008 860113s1986####cau######b####001#0#eng##
005 20130323170439.0
245 1 0 |a Real-variable methods in harmonic analysis /  |c Alberto Torchinsky. 
260 |a San Diego :  |b Academic Press,  |c c1986. 
300 |a xii, 462 p. ;  |c 23 cm. 
490 1 |a Pure and applied mathematics ;  |v v. 123 
500 |a Basado en las notas de un curso dictado en Indiana University en 1984-1985. 
504 |a Bibliografía: p. 446-456. 
510 4 |a MR,  |c 88e:42001 
020 |a 0126954615 (pbk.) 
020 |a 0126954607 
100 1 |a Torchinsky, Alberto. 
830 0 |a Pure and applied mathematics (Academic Press) ;  |v 123. 
650 0 |a Harmonic analysis. 
084 |a 42-01  |2 msc2000 
010 |a  86001096  
040 |a DLC  |c DLC  |d DLC 
859 |h 42  |i T676  |p A-6437  |b BIB. MATEMATICA